000 00340nam a2200145 i 4500
001 bg
100 1 _aCARDONA, Manuel
245 0 _aModuljacionnaja spektroskopija /
_cManuel Cardona.
260 _aMoskva,
_c1972.
040 _cBPK
041 _apol
080 _a535.33:539.2
942 _cKS
008 s pl f |000 0 pol
999 _c15336
_d15336
856 _uhttp://koha.tu.koszalin.pl/cgi-bin/koha/opac-detail.pl?biblionumber=15336
_yKatalog online BPK